000 00304nam a2200121Ia 4500
008 240731s9999 xx 000 0 und d
022 _a1475-9942
245 0 _aJournal of Substance Use
260 _bTaylor & Francis
856 _uhttps://www.tandfonline.com/loi/ijsu20
942 _2ddc
942 _cTFEJ
999 _c78198
_d78198
945 _a1
_bMadushi Gamage
_c1
_dMadushi Gamage